000
00281nam a2200109Ia 4500
008
220204s9999 xx 000 0 und d
082
_a
635
_b
BAL
100
_a
BALLARD, Ernesta Drinker
245
0
_a
Art of training plants
260
_a
New York
_b
Barnes and Noble
_c
1974
942
_c
BK
999
_c
23800
_d
23800